[Event "183rd open MGU"]
[Site "Sofia"]
[Date "2017.03.05"]
[Round "6.6"]
[White "Metev, Martin"]
[Black "Georgiev, Nikolay Zh."]
[Result "1-0"]
[WhiteElo "2000"]
[BlackElo "1585"]
[PlyCount "63"]
[EventDate "2017.03.04"]
[EventType "swiss"]
[EventRounds "6"]
[EventCountry "BUL"]

1. e4 e5 2. Nf3 Nc6 3. Bb5 Bc5 4. O-O Nf6 5. Bxc6 dxc6 6. Nxe5 Nxe4 7. Qe2 Qd5
8. Nxc6 ({RR} 8. d4 Bxd4 9. Nf3 Be6 10. c4 Qxc4 11. Qxc4 Bxf2+ 12. Rxf2 Bxc4
13. Nc3 Nxf2 14. Kxf2 O-O-O 15. Be3 Rhe8 16. Rc1 Rd3 17. Re1 b6 18. a3 f6 19.
h4 Kd7 20. Bf4 Rxe1 21. Nxe1 Rd4 22. g3 Kc8 {
Zapata,A (2500)-Rohde,M (2555)/New York 1988/CBM 008/1/2 (62)}) 8... Qxc6 9. d3
({RR} 9. Re1 O-O 10. Qxe4 Qxe4 11. Rxe4 Bf5 12. Re5 Bxf2+ 13. Kxf2 Bxc2 14. Rc5
Be4 15. Rxc7 Bc6 16. Re7 Rfe8 17. Rxe8+ Rxe8 18. Nc3 Re6 19. d4 Rf6+ 20. Kg1
Rd6 21. Be3 h6 22. g3 a5 23. d5 Bxd5 {
Enersen,E (1711)-Vo,H (1375)/Oslo 2015/CBM 167 Extra/1-0 (44)}) 9... O-O 10.
Qxe4 Qxe4 $146 ({RR} 10... Qd7 11. Re1 c6 12. Nc3 b5 13. Nxb5 Ba6 14. Qc4 Bxf2+
15. Kxf2 cxb5 16. Qc3 Qf5+ 17. Kg1 Rac8 18. Qd2 Qc5+ 19. Qe3 Qxe3+ 20. Bxe3
Rxc2 21. b3 Rc3 22. d4 Re8 23. Bf2 Rcc8 24. Rxe8+ Rxe8 25. a4 {
Armbrust,F (1217)-Lahr,T (1001)/Woerrstadt 1999/EXT 2000/1-0 (40)}) 11. dxe4
Re8 12. Re1 Bf5 13. Nd2 Bg6 14. Kf1 Bd6 15. g3 f5 16. f3 Re7 17. exf5 Rxe1+ 18.
Kxe1 Re8+ 19. Kd1 Bxf5 20. Nc4 Kf7 $2 (20... Bc5 $142 $11) 21. Bd2 Bh3 22. c3
Bf1 23. Ne3 (23. Nxd6+ $142 $14) 23... Bd3 24. f4 Bc5 25. Nc2 Bg1 26. h3 Bxc2+
$2 (26... Bf1 $142 $17 27. h4 Be2+ 28. Kc1 Bh2 29. Be1 Bg4 30. Bf2 Re2) 27.
Kxc2 Bf2 28. g4 Bg3 29. Kd3 Kf6 30. Be3 a6 31. Rg1 Rd8+ 32. Bd4+ 1-0